Handbook of Industrial and organizational psychology ( 4 Volume Set ) (Record no. 60692)

000 -LEADER
fixed length control field 00703nam a22001937a 4500
003 - CONTROL NUMBER IDENTIFIER
control field NUST-PNEC
005 - DATE AND TIME OF LATEST TRANSACTION
control field 20170116180705.0
008 - FIXED-LENGTH DATA ELEMENTS--GENERAL INFORMATION
fixed length control field 140920b xxu||||| |||| 00| 0 eng d
020 ## - INTERNATIONAL STANDARD BOOK NUMBER
International Standard Book Number 8172246390
040 ## - CATALOGING SOURCE
Transcribing agency PNEC
082 ## - DEWEY DECIMAL CLASSIFICATION NUMBER
Classification number 158.7 DUN
100 ## - MAIN ENTRY--PERSONAL NAME
9 (RLIN) 321
Personal name Dunnette, Marvind D.
245 ## - TITLE STATEMENT
Title Handbook of Industrial and organizational psychology ( 4 Volume Set )
Statement of responsibility, etc. Marvin D. Dunnette
260 ## - PUBLICATION, DISTRIBUTION, ETC.
Place of publication, distribution, etc. Mumbai
Name of publisher, distributor, etc. Jaico Publishing House
Date of publication, distribution, etc. 1998
300 ## - PHYSICAL DESCRIPTION
Extent 4 vol. :
Other physical details ill. :
Dimensions 25 cm.
500 ## - GENERAL NOTE
General note Includes Index http://www.amazon.com/Handbook-Industrial-Organizational-Psychology-Hough/dp/8172246390/ref=sr_1_1?s=books&ie=UTF8&qid=1411192011&sr=1-1&keywords=8172246390
650 ## - SUBJECT ADDED ENTRY--TOPICAL TERM
General subdivision IME
942 ## - ADDED ENTRY ELEMENTS (KOHA)
Source of classification or shelving scheme
Koha item type Book
Holdings
Withdrawn status Lost status Source of classification or shelving scheme Damaged status Not for loan Permanent Location Current Location Shelving location Date acquired Source of acquisition Cost, normal purchase price Total Checkouts Full call number Barcode Date last seen Cost, replacement price Price effective from Koha item type
          Pakistan Navy Engineering College (PNEC) Pakistan Navy Engineering College (PNEC) Reference 03/24/2005 Vanguard Books 11775.00   158.7 DUN PNECLIB-027041 09/20/2014 11775.00 03/24/2005 Book
          Pakistan Navy Engineering College (PNEC) Pakistan Navy Engineering College (PNEC) Reference 03/24/2005 Vanguard Books     158.7 DUN PNECLIB-027042 09/20/2014   09/20/2014 Book
          Pakistan Navy Engineering College (PNEC) Pakistan Navy Engineering College (PNEC) Reference 03/24/2005 Vanguard Books     158.7 DUN PNECLIB-027043 09/20/2014   03/24/2005 Book
          Pakistan Navy Engineering College (PNEC) Pakistan Navy Engineering College (PNEC) Reference 03/24/2005 Vanguard Books     158.7 DUN PNECLIB-027044 09/20/2014   03/24/2005 Book
© 2023 Central Library, National University of Sciences and Technology. All Rights Reserved.